01195 a2200217 45000010006000000050017000060080041000230030015000640400040000790800092001192450026002110200022002372500012002592640034002713000024003055050495003290410008008241000024008327000022008568560099008785324220260407155806.0260407a2020 arg spa dAR-UNSa-BCEJYS aAR-UNSa-BCEJYSbspacAR-UNSa-BCEJYS a336.226.111xImpuestos sobre ingresos totales (Ingresos brutos - Convenio Multilateral)10aConvenio multilateral a978-987-01-2565-5 a8a. ed. 1aBuenos Aires :bErreparc2020 axix, 250 p.c27 cm. a1. Principales modificaciones hasta marzo 2020 – 2. Ámbito de aplicación del convenio – 3. Régimen general y regímenes especiales – 4. Inicio, cese de actividades y cuestiones generales – 5. Sistemas aplicativos y declaraciones juradas – 6. Organismo de aplicación, procedimientos recursivos y protocolo adicional – 7. Artículo 35 – Tributos Municipales – 8. Practica integral – 9. Consultas frecuentes – 10. Cuestiones controvertidas – 11. Datos útiles. aspa1 aBavera, M. Josefina1 aVanney, Carlos F.41uhttps://www.biblioeco.unsa.edu.ar/pmb/images/libros/L128383.jpgyImagen de portadaqimage/jpeg